000 00428nam a2200169 a 4500
001 1771649783390
003 YourLibrary
005 20260221102928.0
008 260221s2009##################000#0#eng##
020 _a9780735578814
082 0 4 _a336.2
_bKLE
100 1 _aPublishers, Aspen,
_eauthor.
245 1 0 _aTaxation :
260 _bAspen Publishers,
_c2009.
942 _cENGLISH
040 _aYourLibrary
_beng
_cYourLibrary
999 _c614881
_d614881